000 00681nam a2200193Ia 4500
005 20250508163411.0
008 008 250505s9999 xx 000 0 eng d
037 _aTextual
040 _aFEDL
_beng
_cFEDL
041 _aeng
_2eng
084 _a372, UNE
_qFEDL
245 0 _aEducation in difficult contexts: Report of a technical working group meeting on training of primary education personnel
260 _aBangkok, Thailand
_bUNESCO Regional Office for Education in Asia and the Pacific
_c1987
300 _a37p.
546 _aChiangmai, 26 August-4 September 1986
650 _aElementary Education
942 _cTEXL
_h372, UNE
999 _c1382849
_d1382849